000 00322nam a22001457a 4500
005 20160628104813.0
008 160628b xxu||||| |||| 00| 0 eng d
041 _aeng
082 _b10737
245 _aManorama Yearbook 2011
260 _bMalayala Manorama
300 _a1030
650 _aManagement
_9241
942 _cBK
999 _c4383
_d4382